[Event "ESP-ch U18"]
[Site "Salobrena"]
[Date "2019.07.26"]
[Round "8"]
[White "Perez Perez, Gabriel"]
[Black "Guardiola Guillot, Lucas"]
[Result "1-0"]
[WhiteElo "2121"]
[BlackElo "1980"]
[PlyCount "57"]
[EventDate "2019.07.22"]
[EventType "swiss"]
[EventRounds "9"]
[EventCountry "ESP"]
[SourceTitle "CBM 191 Extra"]
[Source "ChessBase"]
[SourceDate "2019.09.30"]
[SourceVersion "1"]
[SourceVersionDate "2019.09.30"]
[SourceQuality "1"]

1. d4 Nf6 2. c4 g6 3. Nc3 d5 4. cxd5 Nxd5 5. e4 Nxc3 6. bxc3 Bg7 7. Bc4 c5 8. Ne2 0-0 9. 0-0 Nc6 10. Be3 Na5 11. Bd3 cxd4 12. cxd4 e6 13. Rc1 Qd6 14. Qd2 Nc6 15. d5 Rd8 16. Bc5 Qd7 17. dxc6 Qxd3 18. Qxd3 Rxd3 19. Rfd1 Rxd1+ 20. Rxd1 Be5 21. Rd8+ Kg7 22. Bf8+ Kf6 23. f4 Bc7 24. g4 g5 25. fxg5+ Kxg5 26. Be7+ Kxg4 27. Rd3 bxc6 28. Kg2 Ba6 29. Rh3 1-0

[Event "Valencia Region-ch Primera"]
[Site "Valencia"]
[Date "2016.11.12"]
[Round "6"]
[White "Guardiola Guillot, Lucas"]
[Black "Nieves Pamplona, Juan Miguel"]
[Result "1/2-1/2"]
[WhiteElo "1708"]
[BlackElo "1500"]
[PlyCount "97"]
[EventDate "2016.10.01"]
[EventType "swiss"]
[EventRounds "7"]
[EventCountry "ESP"]
[SourceTitle "EXT 2024"]
[Source "ChessBase"]
[SourceDate "2023.10.10"]
[SourceVersion "1"]
[SourceVersionDate "2023.10.10"]
[SourceQuality "1"]

1. e4 d5 2. exd5 Nf6 3. Nf3 Nxd5 4. Bc4 Bg4 5. d4 Nc6 6. h3 Bh5 7. g4 Bg6 8. Ne5 Qd6 9. Nxg6 hxg6 10. Na3 0-0-0 11. c3 a6 12. Qf3 Qe6+ 13. Be3 Na5 14. Bd3 Nxe3 15. fxe3 Qf6 16. Qg2 Qh4+ 17. Ke2 e6 18. b4 Nc6 19. Bxa6 Kb8 20. Nc4 Ka7 21. Bxb7 Kxb7 22. Na5+ Kc8 23. Nxc6 Rd6 24. Ne5 Ra6 25. b5 Ra3 26. Nxf7 Rxc3 27. Qa8+ Kd7 28. Ne5+ Kd6 29. Qd8+ Qxd8 30. Nf7+ Kd7 31. Nxd8 Kxd8 32. a4 Ra3 33. Rxa3 Bxa3 34. a5 Kc8 35. a6 Kb8 36. Kd3 Ka7 37. Rf1 Rf8 38. Rxf8 Bxf8 39. e4 Kb6 40. Kc4 g5 41. e5 Ba3 42. d5 exd5+ 43. Kxd5 Bb4 44. e6 Bd6 45. a7 Kxa7 46. Kc6 Kb8 47. b6 Kc8 48. bxc7 Be7 49. Kb6 1/2-1/2